000 00238nam a2200097Ia 4500
005 20251222175818.0
008 251222s9999||||xx |||||||||||||| ||spa||
082 _aDVD0070/P53/1998
245 0 _aFuera del mundo:Fuori dal mondo
942 _cDVD
999 _c40393
_d40393